[Event "Hull 4NCL Congress"]
[Site "Canham Turner Centre"]
[Date "2023.09.08"]
[Round "1"]
[Board "11"]
[White "Siu, Kam Wa"]
[Black "Towers, Brian"]
[Result "1-0"]
[WhiteElo "1674"]
[BlackElo "1718"]
[PlyCount "109"]
[EventDate "2023.09.08"]
[EventRounds "5"]
[EventCountry "ENG"]

1. e4 d6 2. d4 Nf6 3. Nc3 e5 4. dxe5 dxe5 5. Qxd8+ Kxd8 6. Nf3 Bd6 7. Bg5 Be6 8.
O-O-O Nbd7 9. Bb5 Kc8 10. Rhe1 a6 11. Bf1 h6 12. Bxf6 Nxf6 13. Nd5 Nd7 14. Kb1 f6
15. Bc4 Re8 16. Ne3 Bf8 17. Bxe6 Rxe6 18. Nh4 g5 19. Ng6 Bc5 20. Nf5 Nf8 21. Nxf8
Bxf8 22. Re3 b5 23. Rh3 a5 24. Nxh6 b4 25. Nf5 a4 26. Rh8 Kb7 27. g3 Rea6 28. Rd3
c5 29. Rd7+ Kc6 30. Rf7 Rd8 31. Kc1 Raa8 32. Rxf6+ Kb5 33. Ne3 c4 34. Re6 Bd6 35.
Rxd8 Rxd8 36. h4 gxh4 37. gxh4 c3 38. h5 cxb2+ 39. Kxb2 Kc5 40. h6 Rh8 41. Nf5 Bb8
42. f3 Kc4 43. Rc6+ Kb5 44. Ne7 Ba7 45. c4+ bxc3+ 46. Kxc3 Bd4+ 47. Kd3 Bc5 48. Re6
Bxe7 49. Rxe7 Rxh6 50. Rxe5+ Kb4 51. f4 Ka3 52. Ra5 Kb4 53. Ra8 Rh2 54. e5 Rxa2 55.
e6  1-0

[Event "Hull 4NCL Congress"]
[Site "Canham Turner Centre"]
[Date "2023.09.08"]
[Round "1"]
[Board "12"]
[White "Gaffney, Samuel"]
[Black "Webb, Nicholas"]
[Result "1-0"]
[WhiteElo "1673"]
[BlackElo "1627"]
[PlyCount "87"]
[EventDate "2023.09.08"]
[EventRounds "5"]
[EventCountry "ENG"]

1. d4 d5 2. c4 e6 3. Nc3 h6 4. cxd5 exd5 5. Bf4 c6 6. e3 Bd6 7. Bxd6 Qxd6 8. Bd3
Nf6 9. h3 O-O 10. Nf3 Nbd7 11. O-O Re8 12. Qc2 a6 13. Rac1 Qe7 14. Nd2 Nf8 15. Rce1
Be6 16. Nf3 Rac8 17. Ne5 c5 18. f4 b5 19. Qe2 Qa7 20. Qf2 Rc7 21. a3 Rec8 22. Ne2
c4 23. Bb1 a5 24. Nc3 Qb7 25. Re2 Ne4 26. Bxe4 dxe4 27. f5 Bd5 28. f6 g6 29. Qh4
Kh7 30. Ng4 h5 31. Ne5 Ne6 32. g4 b4 33. Nxd5 Qxd5 34. axb4 axb4 35. gxh5 g5 36.
Qg4 c3 37. Qf5+ Kg8 38. h6 Qd8 39. h7+ Kh8 40. Nxf7+ Rxf7 41. Qxe6 Qd7 42. Qxd7 Rxd7
43. f7 Kg7 44. f8=Q+  1-0

[Event "Hull 4NCL Congress"]
[Site "Canham Turner Centre"]
[Date "2023.09.08"]
[Round "1"]
[Board "13"]
[White "Taylor, Robert P"]
[Black "Crow, Stephen"]
[Result "0-1"]
[WhiteElo "1639"]
[BlackElo "1661"]
[PlyCount "74"]
[EventDate "2023.09.08"]
[EventRounds "5"]
[EventCountry "ENG"]

1. d4 e6 2. c4 f5 3. Nf3 Nf6 4. g3 Bb4+ 5. Bd2 Bxd2+ 6. Nbxd2 O-O 7. Bg2 d6 8. Qc2
Nc6 9. O-O Nb4 10. Qb3 a5 11. a3 Na6 12. Rad1 c5 13. e3 Rb8 14. Qd3 Bd7 15. dxc5
dxc5 16. Ne5 Ba4 17. b3 Qxd3 18. Nxd3 Rfd8 19. Ne5 Be8 20. e4 Rd4 21. exf5 exf5 22.
Ndf3 Rxd1 23. Rxd1 a4 24. Rb1 axb3 25. Rxb3 b5 26. Nd2 b4 27. Nc6 Bxc6 28. Bxc6 Rd8
29. Nf3 bxa3 30. Rxa3 Nb4 31. Ne5 Ng4 32. Nd7 Nxc6 33. Nxc5 Rd1+ 34. Kg2 Rd2 35.
Nd3 Ne3+ 36. Kf3 Nxc4 37. Rc3 Rxd3+  0-1

[Event "Hull 4NCL Congress"]
[Site "Canham Turner Centre"]
[Date "2023.09.08"]
[Round "1"]
[Board "14"]
[White "Figueroa, Edison"]
[Black "Stothard, David"]
[Result "1-0"]
[WhiteElo "1730"]
[BlackElo "1577"]
[PlyCount "153"]
[EventDate "2023.09.08"]
[EventRounds "5"]
[EventCountry "ENG"]

1. e4 e5 2. Nf3 Nc6 3. d4 exd4 4. Bc4 Nf6 5. e5 d5 6. exf6 dxc4 7. fxg7 Qe7+ 8. Kf1
Bxg7 9. Bg5 Bf6 10. Qd2 Bg4 11. Na3 O-O-O 12. Re1 Bxg5 13. Nxg5 Qf6 14. Nxc4 Rde8
15. Ne4 Qg6 16. f3 Bf5 17. Qf4 Be6 18. Ncd2 Bd5 19. a3 f5 20. Ng3 Rxe1+ 21. Kxe1
Be6 22. Kf2 Rf8 23. Nde4 Rd8 24. Nc5 d3 25. Nxe6 Qxe6 26. Qxf5 Qxf5 27. Nxf5 dxc2
28. Ke2 Rd5 29. g4 Kd7 30. Rc1 Ke6 31. Rxc2 Kf6 32. Kf2 h5 33. Kg3 hxg4 34. fxg4
Rd7 35. Rf2 Ne5 36. Nd6+ Kg6 37. Nxb7 Rd3+ 38. Kg2 Nxg4 39. Re2 Rb3 40. Nc5 Re3 41.
Rxe3 Nxe3+ 42. Kf3 Nc4 43. Nd3 Kg5 44. Ke4 Kh4 45. Kd5 Nb6+ 46. Kc6 Kh3 47. Kxc7
Kxh2 48. Kb7 Kg3 49. Kxa7 Nc4 50. a4 Kf3 51. b3 Nd6 52. Kb6 Ke4 53. Nc5+ Kd5 54.
Nb7 Nc8+ 55. Kc7 Na7 56. Na5 Kc5 57. Kb7 Nb5 58. axb5 Kxb5 59. Nc4 Kb4 60. Nd2 Kb5
61. Kc7 Kc5 62. Kd7 Kd5 63. Ke7 Kc5 64. Ke6 Kc6 65. Ne4 Kb5 66. Kd5 Kb4 67. Nd2 Kb5
68. Ne4 Kb4 69. Nc5 Kb5 70. Nd3 Kb6 71. Kc4 Kc6 72. b4 Kb6 73. b5 Kb7 74. Kc5 Kc7
75. b6+ Kb7 76. Ne5 Kb8 77. Kc6  1-0

[Event "Hull 4NCL Congress"]
[Site "Canham Turner Centre"]
[Date "2023.09.08"]
[Round "1"]
[Board "15"]
[White "Ganti, Shriaansh"]
[Black "Ashcroft, Graham J"]
[Result "1-0"]
[WhiteElo "1501"]
[BlackElo "1763"]
[PlyCount "99"]
[EventDate "2023.09.08"]
[EventRounds "5"]
[EventCountry "ENG"]

1. e4 e6 2. d4 d5 3. exd5 exd5 4. c3 Bd6 5. Bd3 Ne7 6. Nf3 Bg4 7. O-O Nbc6 8. Re1
Qd7 9. a4 O-O-O 10. b4 Rde8 11. Bd2 Ng6 12. Be3 Re7 13. Nbd2 Rhe8 14. Qc2 Nf4 15.
Bf1 h6 16. a5 Bf5 17. Qb3 g5 18. b5 Nb8 19. b6 cxb6 20. axb6 a6 21. c4 dxc4 22. Nxc4
Nc6 23. Rec1 Kb8 24. Nxd6 Qxd6 25. d5 Qb4 26. Bxf4+ gxf4 27. Qc4 Qxc4 28. Rxc4 Ne5
29. Rxf4 Bg6 30. Nxe5 Rxe5 31. Rd1 Re1 32. Rxe1 Rxe1 33. Rd4 Kc8 34. f3 Kd7 35. Kf2
Rb1 36. Rh4 h5 37. f4 f5 38. Be2 Rb2 39. Ke3 Kd6 40. Bxh5 Bxh5 41. Rxh5 Kxd5 42.
Rxf5+ Ke6 43. Rg5 Kf6 44. h4 Rxb6 45. h5 Rb3+ 46. Ke4 Rb1 47. g3 Rb3 48. h6 Rb4+
49. Kf3 Rd4 50. h7  1-0

[Event "Hull 4NCL Congress"]
[Site "Canham Turner Centre"]
[Date "2023.09.08"]
[Round "1"]
[Board "16"]
[White "Kryshtafor, Maksym"]
[Black "Webster, Vivien"]
[Result "1-0"]
[WhiteElo "1445"]
[BlackElo "1598"]
[PlyCount "49"]
[EventDate "2023.09.08"]
[EventRounds "5"]
[EventCountry "ENG"]

1. e4 c5 2. Nf3 d6 3. c3 e5 4. d4 cxd4 5. cxd4 Bg4 6. dxe5 Bxf3 7. Bb5+ Nd7 8. Qxf3
dxe5 9. O-O Ngf6 10. Bg5 Be7 11. Rd1 a6 12. Bxf6 axb5 13. Bxg7 Rg8 14. Bh6 Rg6 15.
Be3 b4 16. Nd2 Raa6 17. Nc4 Raf6 18. Qh5 Qc7 19. Rac1 Rc6 20. Qf5 Rxc4 21. Rxc4 Nc5
22. Bxc5 Bxc5 23. Rd5 Bxf2+ 24. Kxf2 Qxc4 25. Qxe5+  1-0

[Event "Hull 4NCL Congress"]
[Site "Canham Turner Centre"]
[Date "2023.09.08"]
[Round "1"]
[Board "17"]
[White "Ginestie, Martin"]
[Black "Slinger, AJ (Tony)"]
[Result "1/2-1/2"]
[WhiteElo "1512"]
[BlackElo "1860"]
[PlyCount "47"]
[EventDate "2023.09.08"]
[EventRounds "5"]
[EventCountry "ENG"]

1. Nf3 d5 2. d4 Nf6 3. c4 c6 4. g3 e6 5. Bg2 Bd6 6. O-O Nbd7 7. Qc2 O-O 8. Nbd2 Re8
9. e4 dxe4 10. Nxe4 Nxe4 11. Qxe4 Nf6 12. Qc2 Qc7 13. Re1 b6 14. h3 c5 15. Bg5 Bb7
16. Be3 Rac8 17. dxc5 Bxc5 18. Bxc5 Qxc5 19. Rac1 Qe7 20. Qe2 Rc7 21. Ne5 Bxg2 22.
Kxg2 Rec8 23. b3 Nd7 24. Nd3  1/2-1/2

[Event "Hull 4NCL Congress"]
[Site "Canham Turner Centre"]
[Date "2023.09.08"]
[Round "1"]
[Board "18"]
[White "Catto, Joseph"]
[Black "Howorth, Jack"]
[Result "1-0"]
[WhiteElo "1856"]
[BlackElo "1710"]
[PlyCount "97"]
[EventDate "2023.09.08"]
[EventRounds "5"]
[EventCountry "ENG"]

1. Nf3 Nf6 2. c4 e6 3. g3 Be7 4. Bg2 O-O 5. Nc3 d5 6. d4 c6 7. O-O Nbd7 8. Qc2 Re8
9. a4 h6 10. Ne5 Nxe5 11. dxe5 Nd7 12. f4 f6 13. cxd5 cxd5 14. e4 d4 15. Nb5 fxe5
16. Kh1 Bc5 17. fxe5 a6 18. Nd6 Bxd6 19. exd6 e5 20. Qb3+ Kh8 21. Bd2 a5 22. Rf7
Nc5 23. Qd5 Be6 24. Qxe5 Bxf7 25. Qxc5 d3 26. Qd4 Qd7 27. Bxh6 Bg6 28. Bf4 Re6 29.
Qxd3 Qc6 30. Re1 Qxa4 31. Qd5 Qb4 32. Re2 Rf6 33. d7 Rd8 34. e5 Rxf4 35. gxf4 Qxf4
36. Qd2 Qxd2 37. Rxd2 Kg8 38. e6 Kf8 39. Bxb7 Bf5 40. Rf2 g6 41. Be4 Ke7 42. Bxf5
gxf5 43. Re2 Rg8 44. Rg2 Rd8 45. Rg6 Rb8 46. Kg1 f4 47. h4 f3 48. h5 f2+ 49. Kxf2
 1-0

[Event "Hull 4NCL Congress"]
[Site "Canham Turner Centre"]
[Date "2023.09.08"]
[Round "1"]
[Board "19"]
[White "Dukalev, Oleg"]
[Black "Kane, Robert"]
[Result "1/2-1/2"]
[WhiteElo "1504"]
[BlackElo "1744"]
[PlyCount "58"]
[EventDate "2023.09.08"]
[EventRounds "5"]
[EventCountry "ENG"]

1. e4 c6 2. d4 d5 3. Nc3 dxe4 4. Nxe4 Nf6 5. Ng3 h5 6. h4 Bg4 7. Qd3 e6 8. f3 Bf5
9. Nxf5 Qa5+ 10. Bd2 Qxf5 11. Qxf5 exf5 12. O-O-O Nbd7 13. Re1+ Kd8 14. Bg5 Kc7 15.
Bc4 Nd5 16. Bxd5 cxd5 17. Bf4+ Bd6 18. Nh3 Rae8 19. Bxd6+ Kxd6 20. Ng5 Rxe1+ 21.
Rxe1 Rf8 22. Kd2 Nb8 23. Nh7 Rh8 24. Ng5 Rf8 25. Nh7 Rh8 26. Ng5 Rf8 27. c3 Nc6 28.
Nh7 Rh8 29. Ng5 Rf8  1/2-1/2

[Event "Hull 4NCL Congress"]
[Site "Canham Turner Centre"]
[Date "2023.09.08"]
[Round "1"]
[Board "20"]
[White "Donahue, Randolph E"]
[Black "Hambly, DJ"]
[Result "1-0"]
[WhiteElo "1712"]
[BlackElo "1691"]
[PlyCount "77"]
[EventDate "2023.09.08"]
[EventRounds "5"]
[EventCountry "ENG"]

1. e4 c5 2. Nf3 d6 3. d4 cxd4 4. Qxd4 Nc6 5. Bb5 Bd7 6. Bxc6 Bxc6 7. Nc3 Nf6 8. Bg5
e6 9. O-O-O Be7 10. Rhe1 O-O 11. e5 dxe5 12. Qh4 Qb6 13. Nxe5 Rfe8 14. Rd3 Nd5 15.
Nxd5 Bxg5+ 16. Qxg5 exd5 17. Rg3 g6 18. Rb3 Qd8 19. Qh6 f6 20. Rh3 Qc7 21. Nd3 Rxe1+
22. Nxe1 Re8 23. Nd3 Qg7 24. Qf4 f5 25. Re3 Rxe3 26. Qxe3 d4 27. Qe6+ Qf7 28. Qxf7+
Kxf7 29. g3 Ke6 30. f4 Kd5 31. Kd2 Ke4 32. Ne5 Bd5 33. g4 g5 34. Nd3 gxf4 35. Nxf4
Bc6 36. Ng2 Ke5 37. Ne1 Ke4 38. a4 a5 39. Nd3  1-0

[Event "Hull 4NCL Congress"]
[Site "Canham Turner Centre"]
[Date "2023.09.08"]
[Round "1"]
[Board "21"]
[White "Jones, Paul W"]
[Black "Virgin, Jack"]
[Result "1/2-1/2"]
[WhiteElo "1686"]
[BlackElo "1778"]
[PlyCount "69"]
[EventDate "2023.09.08"]
[EventRounds "5"]
[EventCountry "ENG"]

1. f4 c5 2. Nf3 Nc6 3. d3 d5 4. c3 Bg4 5. Nbd2 e6 6. h3 Bxf3 7. Nxf3 Be7 8. g3 Nh6
9. Qc2 Nf5 10. Rg1 d4 11. Bd2 Rc8 12. O-O-O h5 13. g4 Nh4 14. Nxh4 Bxh4 15. e4 dxe3
16. Bxe3 hxg4 17. Rxg4 Bf6 18. Bxc5 Qd5 19. Ba3 Qxa2 20. d4 Bxd4 21. Rxd4 Nxd4 22.
Qa4+ Nc6 23. Bc4 Qa1+ 24. Kc2 Qe1 25. Bb5 Qf2+ 26. Kb1 g6 27. Qb4 Rc7 28. Bxc6+ bxc6
29. Qb8+ Kd7 30. Qxh8 Qf1+ 31. Ka2 Qc4+ 32. b3 Qe2+ 33. Bb2 Qa6+ 34. Kb1 Qd3+ 35.
Ka2  1/2-1/2

[Event "Hull 4NCL Congress"]
[Site "Canham Turner Centre"]
[Date "2023.09.08"]
[Round "1"]
[Board "22"]
[White "Stephenson, David W"]
[Black "Meredith, Daniel"]
[Result "0-1"]
[WhiteElo "1780"]
[BlackElo "1358"]
[PlyCount "84"]
[EventDate "2023.09.08"]
[EventRounds "5"]
[EventCountry "ENG"]

1. e4 c5 2. Nc3 d6 3. d4 cxd4 4. Qxd4 Nc6 5. Qd2 Nf6 6. b3 g6 7. Bb2 Bg7 8. O-O-O
O-O 9. f3 Bd7 10. Kb1 a5 11. g4 Nb4 12. a3 Ne8 13. h4 Qc7 14. Bc4 Nc6 15. h5 Ne5
16. Be2 Rc8 17. Nd5 Qd8 18. hxg6 fxg6 19. Qg5 Rf7 20. Qh4 Bh8 21. Ne3 a4 22. f4 axb3
23. cxb3 Qb6 24. Nd5 Qxb3 25. fxe5 Bxe5 26. Rd2 Bxb2 27. Rxb2 Qxa3 28. Rh3 Qc5 29.
Qe1 e6 30. Rc3 Qd4 31. Rxc8 Qxe4+ 32. Kc1 Bxc8 33. Nc3 Rc7 34. Nf3 Qe3+ 35. Qd2 Qxc3+
36. Qxc3 Rxc3+ 37. Kd2 Rc5 38. Ke3 e5 39. Ng5 Nf6 40. Rd2 d5 41. Nf3 Nxg4+ 42. Kd3
Bf5#  0-1

[Event "Hull 4NCL Congress 2023"]
[Site "Canham Turner Centre, Hull HU6 7RX"]
[Date "2023.09.08"]
[Round "1"]
[Board "1"]
[White "Fisher, Neal"]
[Black "Smith, Sean"]
[Result "1-0"]
[WhiteElo "1676"]
[BlackElo "1528"]
[PlyCount "53"]
[EventDate "2023.09.08"]
[EventRounds "5"]
[EventCountry "ENG"]

1. e4 c5 2. d4 cxd4 3. c3 dxc3 4. Nxc3 Nc6 5. Nf3 Qc7 6. Nd5 Qb8 7. Be2 e6 8. Nc3
Nf6 9. O-O Bc5 10. g3 O-O 11. Bf4 e5 12. Bg5 Be7 13. Nd5 Nxd5 14. exd5 Bxg5 15. Nxg5
Nd4 16. Bd3 f5 17. d6 b5 18. Bc2 h6 19. Bb3+ Nxb3 20. Qxb3+ Kh8 21. Nf7+ Kh7 22.
Rad1 Re8 23. Qf3 g6 24. Qe3 Qb6 25. Qxh6+ Kg8 26. Qxg6+ Kf8 27. Nh6  1-0

[Event "Hull 4NCL Congress 2023"]
[Site "Canham Turner Centre, Hull HU6 7RX"]
[Date "2023.09.08"]
[Round "1"]
[Board "2"]
[White "Al Haidar, Hussam"]
[Black "Dunn, Giles"]
[Result "1-0"]
[WhiteElo "1525"]
[BlackElo "1668"]
[PlyCount "61"]
[EventDate "2023.09.08"]
[EventRounds "5"]
[EventCountry "ENG"]

1. b3 d5 2. Bb2 c5 3. e3 Nc6 4. Nf3 Bf5 5. Bb5 Nf6 6. Bxc6+ bxc6 7. d3 e6 8. Nbd2
Bd6 9. Nh4 Bg4 10. f3 Bh5 11. g4 Bg6 12. Nxg6 hxg6 13. Qe2 Qc7 14. Nf1 O-O-O 15.
O-O-O e5 16. d4 exd4 17. exd4 Rde8 18. Qa6+ Kb8 19. h3 Rh4 20. Nd2 Reh8 21. Qf1 Bf4
22. Kb1 Qa5 23. Qg2 Re8 24. c4 Rhh8 25. cxd5 Nxd5 26. Nc4 Nc3+ 27. Kc2 Re2+ 28. Qxe2
Nxe2 29. Nxa5 Kc7 30. dxc5 Be3 31. Rhe1  1-0

[Event "Hull 4NCL Congress 2023"]
[Site "Canham Turner Centre, Hull HU6 7RX"]
[Date "2023.09.08"]
[Round "1"]
[Board "3"]
[White "Sloan, Cecil"]
[Black "Sharma, Devesh"]
[Result "1/2-1/2"]
[WhiteElo "1664"]
[BlackElo "1494"]
[PlyCount "57"]
[EventDate "2023.09.08"]
[EventRounds "5"]
[EventCountry "ENG"]

1. e4 c5 2. Nf3 d6 3. d4 cxd4 4. Nxd4 Nf6 5. Nc3 e6 6. Bg5 Be7 7. f4 O-O 8. Qf3 Nc6
9. O-O-O Qb6 10. Ndb5 Rd8 11. e5 dxe5 12. Rxd8+ Qxd8 13. fxe5 Nxe5 14. Qf4 Ng6 15.
Qc7 Qf8 16. h4 a6 17. h5 Ne8 18. Qg3 Bxg5+ 19. Qxg5 Ne7 20. Nd4 f6 21. Qg3 e5 22.
Bc4+ Kh8 23. Ne6 Bxe6 24. Bxe6 Nc7 25. Bb3 Nf5 26. Qf3 Nd6 27. Rd1 Rd8 28. g4 b6
29. Qc6  1/2-1/2

[Event "Hull 4NCL Congress 2023"]
[Site "Canham Turner Centre, Hull HU6 7RX"]
[Date "2023.09.08"]
[Round "1"]
[Board "4"]
[White "Virgos Matilla, Luis"]
[Black "Buckell, David J"]
[Result "1/2-1/2"]
[WhiteElo "1491"]
[BlackElo "1648"]
[PlyCount "59"]
[EventDate "2023.09.08"]
[EventRounds "5"]
[EventCountry "ENG"]

1. e4 c6 2. d4 d5 3. e5 Bf5 4. Nf3 e6 5. Be3 Nd7 6. Nbd2 c5 7. Bd3 Bxd3 8. cxd3 Ne7
9. dxc5 Nf5 10. d4 Nxe3 11. fxe3 Be7 12. O-O O-O 13. Qe1 f6 14. b4 fxe5 15. e4 exd4
16. Nxd4 Rxf1+ 17. Kxf1 Qf8+ 18. Kg1 Qf6 19. N2f3 e5 20. Nf5 d4 21. Rd1 Rd8 22. Nxe7+
Qxe7 23. Qh4 Qxh4 24. Nxh4 g6 25. Nf3 h6 26. Kf2 Kg7 27. Ke2 Kf6 28. Rc1 Rc8 29.
a4 a6 30. Rf1  1/2-1/2

[Event "Hull 4NCL Congress 2023"]
[Site "Canham Turner Centre, Hull HU6 7RX"]
[Date "2023.09.08"]
[Round "1"]
[Board "5"]
[White "Smith, Adam"]
[Black "Lukauskas, Modestas"]
[Result "1-0"]
[WhiteElo "1623"]
[BlackElo "1471"]
[PlyCount "95"]
[EventDate "2023.09.08"]
[EventRounds "5"]
[EventCountry "ENG"]

1. e4 c6 2. Nf3 d5 3. Nc3 dxe4 4. Nxe4 Bg4 5. Bc4 e6 6. h3 Bxf3 7. Qxf3 Be7 8. b3
Nf6 9. Bb2 Nxe4 10. Qxe4 Bf6 11. d4 Nd7 12. O-O-O O-O 13. f4 Qc7 14. g4 c5 15. Ba3
Qa5 16. Kb2 Rfd8 17. c3 g6 18. g5 Bg7 19. h4 b5 20. b4 cxb4 21. Bxb4 Qb6 22. Bb3
a5 23. Be7 Re8 24. h5 a4 25. Bc2 Rac8 26. Bb4 Bf8 27. hxg6 hxg6 28. Rh3 Bxb4 29.
cxb4 Rc4 30. a3 Rec8 31. Rd2 e5 32. Rdh2 Rxc2+ 33. Rxc2 Rxc2+ 34. Kxc2 Qe6 35. Qa8+
Nf8 36. Re3 Qa2+ 37. Kd1 Qb1+ 38. Ke2 Qc2+ 39. Kf3 Qd1+ 40. Re2 exd4 41. Kf2 d3 42.
Re8 Qd2+ 43. Kf3 Qd1+ 44. Ke4 Qh1+ 45. Kxd3 Qh3+ 46. Kd4 Qd7+ 47. Kc5 Qf5+ 48. Kb6
 1-0

[Event "Hull 4NCL Congress 2023"]
[Site "Canham Turner Centre, Hull HU6 7RX"]
[Date "2023.09.08"]
[Round "1"]
[Board "6"]
[White "Weldon, James"]
[Black "Lukauskas, Rojus"]
[Result "0-1"]
[WhiteElo "1469"]
[BlackElo "1614"]
[PlyCount "64"]
[EventDate "2023.09.08"]
[EventRounds "5"]
[EventCountry "ENG"]

1. e4 c5 2. d4 cxd4 3. Qxd4 Nc6 4. Qd1 Nf6 5. Nc3 e6 6. a3 Be7 7. Nf3 d6 8. Bd3 O-O
9. Be3 b6 10. Nd2 Bb7 11. Ne2 d5 12. exd5 Nxd5 13. Nf1 Ne5 14. Bd2 Nb4 15. Ne3 Nbxd3+
16. cxd3 Nxd3+ 17. Kf1 Bc5 18. b4 Qh4 19. Ng3 Bxe3 20. Bxe3 Rfd8 21. Qe2 f5 22. Qh5
Qc4 23. Ne2 f4 24. Qg4 Ba6 25. g3 Ne5 26. Rc1 Rd1+ 27. Kg2 Qd5+ 28. Kh3 Nxg4 29.
Rcxd1 Qh5+ 30. Kg2 Bxe2 31. Rd2 f3+ 32. Kg1 Qh3  0-1

[Event "Hull 4NCL Congress 2023"]
[Site "Canham Turner Centre, Hull HU6 7RX"]
[Date "2023.09.08"]
[Round "1"]
[Board "7"]
[White "Tallentire, Tom"]
[Black "Thrower, Steve J"]
[Result "1-0"]
[WhiteElo "1599"]
[BlackElo "1456"]
[PlyCount "45"]
[EventDate "2023.09.08"]
[EventRounds "5"]
[EventCountry "ENG"]

1. e4 e5 2. Nf3 d6 3. d4 exd4 4. Nxd4 Be7 5. Bc4 Nf6 6. Nc3 Bd7 7. Bg5 Nc6 8. Nf5
Bxf5 9. exf5 Qd7 10. Qf3 O-O-O 11. Bxf7 Ne5 12. Be6 Nxf3+ 13. gxf3 Qxe6+ 14. fxe6
h6 15. Be3 Kb8 16. O-O-O d5 17. Bd4 c6 18. Rde1 Rhg8 19. f4 Ka8 20. f5 g6 21. fxg6
Rxg6 22. f4 Bb4 23. f5  1-0

[Event "Hull 4NCL Congress 2023"]
[Site "Canham Turner Centre, Hull HU6 7RX"]
[Date "2023.09.08"]
[Round "1"]
[Board "8"]
[White "Patel, Diah"]
[Black "Weller, Colin"]
[Result "1/2-1/2"]
[WhiteElo "1455"]
[BlackElo "1599"]
[PlyCount "100"]
[EventDate "2023.09.08"]
[EventRounds "5"]
[EventCountry "ENG"]

1. e4 d6 2. d4 Nf6 3. Nc3 Nbd7 4. Nf3 e5 5. d5 Be7 6. g3 h6 7. Bg2 Nc5 8. Qe2 Bg4
9. h3 Bh5 10. g4 Bg6 11. Qb5+ Qd7 12. Qxd7+ Kxd7 13. Nd2 Na6 14. a3 Bh7 15. O-O g5
16. b4 Rag8 17. Nb5 Ra8 18. Bb2 h5 19. f3 c6 20. dxc6+ bxc6 21. Nc3 Nc7 22. Rad1
Ne6 23. Ne2 hxg4 24. fxg4 Nf4 25. Nxf4 gxf4 26. Nf3 Kc7 27. Ng5 Bg6 28. c4 Nd7 29.
Nf3 f6 30. Rfe1 Nb6 31. c5 dxc5 32. Nxe5 Rhg8 33. Nxg6 Rxg6 34. e5 cxb4 35. exf6
Bc5+ 36. Bd4 Bxd4+ 37. Rxd4 Nd5 38. Bxd5 cxd5 39. Rxf4 bxa3 40. f7 Rf8 41. Ra1 Ra6
42. Rf3 a2 43. Rf2 Kb7 44. Rb2+ Rb6 45. Rbxa2 a6 46. Rf2 Rd6 47. Re1 Rd7 48. Ref1
Rd6 49. Re1 Rd7 50. Ref1 Rd6  1/2-1/2

[Event "Hull 4NCL Congress 2023"]
[Site "Canham Turner Centre, Hull HU6 7RX"]
[Date "2023.09.08"]
[Round "1"]
[Board "9"]
[White "Szydlowski, Sebastien"]
[Black "Scorer, David M"]
[Result "1/2-1/2"]
[WhiteElo "1585"]
[BlackElo "1452"]
[PlyCount "55"]
[EventDate "2023.09.08"]
[EventRounds "5"]
[EventCountry "ENG"]

1. b3 Nf6 2. Bb2 d5 3. Bxf6 exf6 4. d4 Bf5 5. e3 Bd6 6. Nf3 O-O 7. Bd3 Bxd3 8. Qxd3
c6 9. O-O Re8 10. Nbd2 Nd7 11. Rae1 Qc7 12. g3 Rad8 13. e4 dxe4 14. Nxe4 g6 15. c4
f5 16. Nxd6 Qxd6 17. Qc3 Nf6 18. Rxe8+ Rxe8 19. Re1 Rxe1+ 20. Qxe1 Qe6 21. Qa5 a6
22. Qd8+ Kg7 23. Ng5 Qe1+ 24. Kg2 Ng4 25. Nh3 Qe4+ 26. Kg1 Qe1+ 27. Kg2 Qe4+ 28.
Kg1  1/2-1/2

[Event "Hull 4NCL Congress 2023"]
[Site "Canham Turner Centre, Hull HU6 7RX"]
[Date "2023.09.08"]
[Round "1"]
[Board "10"]
[White "Johnson, Stanley"]
[Black "Tomy, Jake"]
[Result "0-1"]
[WhiteElo "1410"]
[BlackElo "1578"]
[PlyCount "116"]
[EventDate "2023.09.08"]
[EventRounds "5"]
[EventCountry "ENG"]

1. d4 d5 2. c4 e6 3. Nc3 c5 4. Nf3 Nc6 5. e3 Nf6 6. a3 Be7 7. Bd3 dxc4 8. Bxc4 cxd4
9. exd4 O-O 10. O-O Qd7 11. b4 Rd8 12. Bb2 Nxd4 13. Nxd4 Qxd4 14. Qxd4 Rxd4 15. Bb3
Rd2 16. Bc1 Rd3 17. Bb2 Bd7 18. Bc2 Rd2 19. Rac1 Rc8 20. Rfd1 Rxd1+ 21. Rxd1 Bc6
22. Bb3 a6 23. Ne2 h6 24. Nf4 Rd8 25. Rxd8+ Bxd8 26. Nd3 Bb5 27. Bc2 Ng4 28. h3 Bxd3
29. Bxd3 Bf6 30. Bc1 Ne5 31. Be4 Nc6 32. Be3 Bb2 33. a4 f5 34. Bf3 Nxb4 35. Bxb7
g5 36. Bd2 a5 37. Be3 Bc3 38. Bc8 Kf7 39. g3 Nd5 40. Bc5 Bb4 41. Bd4 Nc3 42. Ba6
Nxa4 43. Bb5 Nc3 44. Bxc3 Bxc3 45. Kf1 Kf6 46. Ke2 e5 47. f3 Ke6 48. Kd3 Bb4 49.
Kc2 Kd5 50. Kb3 Kd4 51. Bd7 f4 52. gxf4 gxf4 53. Bg4 e4 54. fxe4 Kxe4 55. h4 f3 56.
Bh3 Ke3 57. Bf1 Kf2 58. Bc4 Ke1  0-1

[Event "Hull 4NCL Congress 2023"]
[Site "Canham Turner Centre, Hull HU6 7RX"]
[Date "2023.09.08"]
[Round "1"]
[Board "11"]
[White "Joseph, Tomy"]
[Black "Garner, Luke"]
[Result "1-0"]
[WhiteElo "1559"]
[BlackElo "1387"]
[PlyCount "81"]
[EventDate "2023.09.08"]
[EventRounds "5"]
[EventCountry "ENG"]

1. e4 e5 2. Nf3 Nc6 3. d4 exd4 4. Nxd4 Nxd4 5. Qxd4 c5 6. Qc4 Qb6 7. Nc3 Ne7 8. Na4
Qb4+ 9. Qxb4 cxb4 10. b3 Nc6 11. Be3 Be7 12. O-O-O O-O 13. Nc5 d6 14. Nd3 Be6 15.
f4 f5 16. exf5 Rxf5 17. Kb1 b6 18. g4 Bd5 19. Rg1 Rf7 20. f5 b5 21. Nf4 Bf3 22. Rd2
Rb8 23. Nd5 a5 24. Nxe7+ Rxe7 25. Bf2 Rd7 26. h3 a4 27. Bg3 axb3 28. axb3 Rbb7 29.
Bxd6 Ne5 30. Bxb4 Rxd2 31. Bxd2 Kf7 32. Bc3 Kf6 33. Bg2 Bxg2 34. Rxg2 b4 35. Bb2
Rd7 36. Re2 Rd1+ 37. Ka2 Rd5 38. Bxe5+ Rxe5 39. Rxe5 Kxe5 40. Kb2 Kd4 41. h4  1-0

[Event "Hull 4NCL Congress 2023"]
[Site "Canham Turner Centre, Hull HU6 7RX"]
[Date "2023.09.09"]
[Round "2"]
[Board "1"]
[White "Joseph, Tomy"]
[Black "Fisher, Neal"]
[Result "1-0"]
[WhiteElo "1559"]
[BlackElo "1676"]
[PlyCount "73"]
[EventDate "2023.09.08"]
[EventRounds "5"]
[EventCountry "ENG"]

1. d4 Nf6 2. Nf3 e6 3. c4 c5 4. e3 cxd4 5. exd4 b6 6. g3 Bb7 7. Bg2 h6 8. O-O Qc7
9. Qe2 Bd6 10. Nc3 Qc8 11. Nb5 Be7 12. Bf4 Na6 13. Nd6+ Bxd6 14. Bxd6 Qc6 15. Ba3
Rc8 16. Rac1 d5 17. Ne5 Qa4 18. cxd5 Nb4 19. Nxf7 Rxc1 20. Qxe6+ Kf8 21. Rxc1 a5
22. Nxh8 Qe8 23. Qxe8+ Kxe8 24. Bxb4 axb4 25. d6 Bxg2 26. Kxg2 Kd7 27. Rc7+ Kxd6
28. Rxg7 Kd5 29. Rg6 Nd7 30. Rxh6 Kc4 31. Rd6 Nf8 32. Rxb6 Kxd4 33. Rxb4+ Kc5 34.
Rb8 Nd7 35. Rd8 Nb6 36. Nf7 Na4 37. h4  1-0

[Event "Hull 4NCL Congress 2023"]
[Site "Canham Turner Centre, Hull HU6 7RX"]
[Date "2023.09.09"]
[Round "2"]
[Board "2"]
[White "Al Haidar, Hussam"]
[Black "Smith, Adam"]
[Result "1-0"]
[WhiteElo "1525"]
[BlackElo "1623"]
[PlyCount "91"]
[EventDate "2023.09.08"]
[EventRounds "5"]
[EventCountry "ENG"]

1. b3 c6 2. Bb2 d5 3. e3 Nf6 4. Nf3 Bg4 5. Be2 Nbd7 6. O-O Qc7 7. Na3 e5 8. c4 Bxf3
9. Bxf3 d4 10. exd4 exd4 11. Re1+ Kd8 12. Nc2 c5 13. a3 Bd6 14. h3 Ne5 15. d3 Re8
16. b4 b6 17. Bxa8 Ke7 18. Bd5 Nxd5 19. cxd5 Kf8 20. Rc1 Qb7 21. f4 Ng6 22. Rxe8+
Kxe8 23. Qf3 Nxf4 24. Re1+ Kf8 25. Qe4 Qb8 26. Qxh7 Ng6 27. Rf1 Ke7 28. Qxg7 Ne5
29. Bc1 Qe8 30. Bf4 Nxd3 31. Bxd6+ Kxd6 32. Qxf7 Qxf7 33. Rxf7 Kxd5 34. bxc5 bxc5
35. Rxa7 Kc4 36. Kf1 Kc3 37. Ne1 c4 38. Ke2 Nc1+ 39. Kd1 Nb3 40. g4 d3 41. Nf3 Kb2
42. Nd2 c3 43. Nxb3 c2+ 44. Kd2 Kxb3 45. Rc7 Kb2 46. a4  1-0